000 00516nam a2200205Ia 4500
003 OSt
005 20220909112521.0
008 210210b2009 xxu||||| |||| 00| 0 eng d
020 _a9788125924005
040 _cAL
041 _aenglish
082 _a658.001 DWIE
100 _aDWIVEDI (D N)
_956860
245 _aEssentials of business economics
260 _aNoida
_bVikas Publishing House Pvt Ltd
_c2009
300 _axvi,452
690 _aBusiness Economics
_956861
906 _a065131
942 _2ddc
_cBK
999 _c142224
_d142224